000 00597nam a22002057a 4500
999 _c17436
_d17436
003 AR-CdUCM
008 190427b ||||| |||| 00| 0 spa d
040 _aMUNICIPALIDAD PROVINCIAL DEL CUSCO
_cBIBLIOTECA MUNICIPAL DEL CUSCO
082 _a869.9533 /
_bD25
100 _aDario, Rubén
_92765
245 _aObras poéticas completas /
260 _aFlorida :
_bEl ateneo,
_c1953.
300 _a1062 páginas ;
_c19 cm.
505 _aContenido: Poesías
650 _aLiteratura
_983
650 _aSiglo XIX
_9971
650 _aPoesía
_9139
942 _2ddc
_cLIBROS
945 _arah
_d08/05/2019